Los tarahumara
Tallennettuna:
| Päätekijä: | |
|---|---|
| Aineistotyyppi: | Kirja |
| Kieli: | espanja |
| Julkaistu: |
Logroño
Pepitas de Calabaza S. L
2018
|
| Painos: | 1a. ed |
| Aiheet: | |
| Tagit: |
Lisää tagi
Ei tageja, Lisää ensimmäinen tagi!
|
MARC
| LEADER | 00000cam a2200000 a 4500 | ||
|---|---|---|---|
| 001 | UCC7263 | ||
| 003 | CL-VaPUC | ||
| 008 | 190322e20180000sp |||||||||||||||||spa|d | ||
| 020 | |a 9788417386177 | ||
| 082 | 0 | 4 | |a 843 |b ART |2 21 |
| 100 | 0 | |a Artaud, Antonin |e author |9 438260 | |
| 245 | 1 | 4 | |a Los tarahumara |
| 250 | |a 1a. ed | ||
| 300 | |a 156 p | ||
| 942 | |c BK | ||
| 945 | |d 20190322 14:57:00 |a dcastane | ||
| 260 | |a Logroño |b Pepitas de Calabaza S. L |c 2018 | ||
| 650 | 0 | |a Literatura francesa |9 266330 | |
| 650 | 0 | |a Surrealismo |9 265502 | |
| 583 | |a last modification |c 20190322 14:57:00 |k Rodrigo Vera | ||
| 999 | |c 373948 |d 373946 | ||
| 952 | |0 0 |1 0 |3 erb |4 0 |6 843_000000000000000_ART_2018 |7 0 |8 A |9 492284 |a BIBART |b BIBART |i 5537053 |l 1 |o 843 ART 2018 |p 5537053 |r 2025-03-13 |s 2023-04-26 |w 2019-11-24 |y BK |z Catalogado en:20190322 |k ART | ||